000 00347nam a2200133Ia 4500
008 220216s9999 xx 000 0 und d
100 _aJampsut Prachaya
245 4 _aThe Rubber industry and risk management
260 _bIndian Rubber Industry
_c2006
300 _a80-91
650 _aRisk management
650 _aRubber industry
942 _cJS
999 _c71012
_d71012